| 000 | 00363nam a2200133Ia 4500 | ||
|---|---|---|---|
| 005 | 20260328104326.0 | ||
| 008 | 260328s9999||||xx |||||||||||||| ||und|| | ||
| 100 | _aAslan, Jorge M. | ||
| 245 | 0 |
_aArquitectura Para Industria Aslan Y Ezcurra, Arquitectos / _cJorge M. Aslan |
|
| 260 | _bAsla y ezcurra | ||
| 300 | _a169 p. | ||
| 650 | _aARQUITECTOS | ||
| 942 | _cBK | ||
| 999 |
_c11516 _d11516 |
||